LEADER 01304nam a2200289 u 4500 001 000000092219 003 CaOOAMICUS 005 20131216131515.0 008 060509s2005 it u000 u ita u 020 $a88-7431-291-1 035 $a11088345 040 $aPUL$bita 100 1 $aLissa, Giuseppe.$0(OLS)http://pul/name/59462 245 13$aIl primato della politica e le sfide dell'etica :$bPercorsi etici del Positivismo /$cGiuseppe Lissa. 260 $aNapoli :$bGiannini,$c2005. 300 $axi, 269 p. ;$c22 cm 490 1 $aCultura Filosofica e Scienze Umane ;$v6 504 $aInclude riferimenti bibliografici. 600 14$aLabriola, Antonio,$d1843-1904$xFilosofia.$0(OLS)http://pul/subject/23054 650 4$aPositivismo logico.$0(OLS)http://pul/subject/454 830 0$aCultura Filosofica e Scienze Umane ;$v6.$0(OLS)http://pul/title/119029 850 $aPUL 852 $aPUL$W1$xSL Filosofia 3$y81$m172 LISGI 1$j116017$nBK-PRI$b $qDDC 21$B116017$CPULBib$Z2$F116017 $HPUL100868 $81 941 1 $a9 996 $6020$a88-7431-291-1$9(OLS)http://pul/number/121092 996 $6245$aIl primato della politica e le sfide dell'etica :$bPercorsi etici del Positivismo$9(OLS)http://pul/title/119028 996 $6260$aNapoli :$bGiannini$9(OLS)http://pul/publisher/48533 LEADER 01284nam a2200277 u 4500 001 000000080871 003 CaOOAMICUS 005 20070226123708.0 008 050307s1936 it u000 u ita u 035 $a11032267 040 $aMSA$bita 100 1 $aSeneca, Lucius Annaeus,$cil retore,$dc. 55 a.C.-c. 35/39 d.C.$0(OLS)http://pul/name/35431 240 10$aAd Lucilium epistulae$9(Seneca, Lucius Annaeus, c. 55 a.C.-35/39 d.C.).$0(OLS)http://pul/title/65856 245 13$aLa morale :$bscelta dai "Trattati" e dalle "Lettere a Lucilio" /$ca cura di Domenico Bassi. 260 $aFirenze :$bVallecchi,$c1936. 300 $a141 p. ;$c22 cm 490 1 $aTesti filosofici commentati 650 4$aStoici e stoicismo.$0(OLS)http://pul/subject/5133 700 1 $aBassi, Domenico P.$0(OLS)http://pul/name/35432 830 0$aTesti filosofici commentati (Vallecchi).$0(OLS)http://pul/title/65858 850 $aPUL 852 $aPUL$W1$xDP1 Fondo Cecchetti$y53$m260 C 84$j103244$nBK-PRI$qFondi$B103244$CPULBib$Z2$F103244 $81 900 $aSeneca, il Vecchio,$dc. 55 a.C.-35/39 d.C.$935431 941 1 $a1 996 $6245$aLa morale :$bscelta dai "Trattati" e dalle "Lettere a Lucilio"$9(OLS)http://pul/title/65857 996 $6260$aFirenze :$bVallecchi$9(OLS)http://pul/publisher/47977